| Поле | Название | Значение |
| |
Тип записи |
a |
| |
Библиографический уровень |
c |
| 001 |
Контрольный номер |
RU/SLIB/B/208707161 |
| 005 |
Дата корректировки |
20260618110024.5 |
| 010 |
Индекс ISBN |
__ |
| d |
Цена |
65-38 |
| 101 |
Язык документа |
__ |
| a |
Язык текста |
rus |
| 200 |
Заглавие и сведения об ответственности |
0_ |
| a |
Заглавие |
Мир призраков |
| f |
Первые сведения об ответственности |
Салтыков-Щедрин М. Е. |
| b |
Общее обозначение материала |
Текст |
| 210 |
Выходные данные |
__ |
| a |
Место издания |
М. |
| c |
Издательство |
Шк.-Пресс |
| d |
Дата издания |
1999 |
| 215 |
Физическое описание |
__ |
| a |
Объем |
414 с. |
| 225 |
Серия |
__ |
| a |
Серия |
Круг чтения |
| i |
Наименование части |
Школьная программа |
| 517 |
Другие варианты заглавия |
__ |
| a |
Другие варианты заглавия |
История одного города |
| 517 |
Другие варианты заглавия |
__ |
| a |
Другие варианты заглавия |
Сказки |
| 600 |
Персоналии |
__ |
| a |
Персоналии (Фамилия) |
Салтыков-Щедрин, М. Е. |
| 606 |
Тематические рубрики |
__ |
| a |
Основная рубрика |
Художественная литература |
| 606 |
Тематические рубрики |
__ |
| a |
Основная рубрика |
Русская литература XIX в. (произведения) |
| 610 |
Ключевые слова |
__ |
| a |
Ключевые слова |
проза; романы; сказки; литературное творчество; писатели |
| 686 |
Индексы других классификаций |
__ |
| 2 |
Код системы |
rubbks |
| a |
Классификационный индекс |
84(2=411.2)52-4я07 |
| 700 |
Автор |
_1 |
| a |
Фамилия |
Салтыков-Щедрин |
| b |
Имя |
М. Е. |
| 4 |
Код отношения |
070 |
| 801 |
Источник записи |
_0 |
| a |
Страна |
RU |
| b |
Организация |
Муниципальное бюджетное учреждение культуры "Централизованная библиотечная система" г. Сургут (Центральная городская библиотека им. А. С. Пушкина) |
| g |
Правила каталогизации |
ОБ/Бутенко |
| 801 |
Источник записи |
_1 |
| a |
Страна |
RU |
| b |
Организация |
Муниципальное бюджетное учреждение культуры "Централизованная библиотечная система" г. Сургут (Центральная городская библиотека им. А. С. Пушкина) |
| g |
Правила каталогизации |
ОБ/Бутенко |
| 852 |
Данные о местонахождении |
__ |
| j |
Шифр хранения |
84(2=411.2)52-4я07 |
| c |
Каталожный индекс |
84(2Рос=Рус)1-4 |
| i |
Авторский знак |
С 16 |
| p |
Инвентарный номер |
73592 |
| 901 |
Тип документа |
__ |
| t |
Тип документа |
x |
| 903 |
Характеристики (МАРС) |
__ |
| a |
Дата передачи |
19991018 |
| 969 |
Тип издания |
__ |
| a |
Тип издания |
сборник |
| 990 |
Данные о заказе (DOS) |
00 |
| j |
Количество экземпляров (DOS) |
4 |
| t |
N записи в КСУ для И/У (DOS) |
199901 |